Kevés az idő - sok az adminisztráció fiatal diplomások tanácskozása a DÁV-nál

Elmentve itt :
Bibliográfiai részletek
Dokumentumtípus: Cikk
Megjelent: 1963-03-06
Sorozat:Délmagyarország 53 No. 54
Kulcsszavak:DÉMÁSZ, Értelmiség helyzete Magyarország 1963
Online Access:http://dmarchiv.bibl.u-szeged.hu/65077
LEADER 00495nab a2200145 i 4500
001 delm65077
005 20180927151341.0
008 180927s1963 hu o 0|| hun d
040 |a SZTE Délmagyarország Archívum  |b hun 
041 |a hun 
245 0 0 |a Kevés az idő - sok az adminisztráció   |h [elektronikus dokumentum] :  |b fiatal diplomások tanácskozása a DÁV-nál 
260 |c 1963-03-06 
300 |a 1 
490 0 |a Délmagyarország  |v 53 No. 54 
695 |a DÉMÁSZ, Értelmiség helyzete Magyarország 1963